000 00703nam a2200229 4500
001 111141
003 ES-MaACL
005 20230906185241.0
007 t|
008 061121s1986 sp r ||||1| spa d
100 1 _aNayler, J. L.
_985245
245 1 0 _aDiccionario de ingeniería mecánica /
_cJ. L. Nayler, G. H. F. Nayler; traducido por Graciela Esteban.
250 _a1ª ed.
260 _aBarcelona :
_bGrijalbo,
_c1986.
300 _a348 p. :
_bil. ;
_c22 cm.
490 1 _aGrijalbo referencia
700 1 _aNayler, G. H. F.
_985244
700 1 _aEsteban, Graciela.
_948030
830 0 _aGrijalbo referencia
_9185673
852 _aES-MaACL
_jL-11778
_bR.113611
999 _c111141
_d111141